Mort subite Les stations du métro parisien (1) - Statistiques

Statistiques générales
  • Ce quiz a été pris 310 fois
  • Le résultat moyen est 3 sur 21
Answers on the Grid
Answers color-coded by a green-red scale on the quiz's grid according to % correct below.
Religieuses de haut rang
Revanche de Gergovie
Auteur des Trois mousquetaires
4e Nobel de littérature français
Ville du diamant
Ex-Chambre des Députés
Une forme du prénom de la sainte célébrée le 4 décembre
Forteresse prise un certain 14 juillet
Pas noire
El Libertador
Lieu d'échanges
N'est pas l'ainé
M... alors !
Il en portait deux mais n'est associé qu'à une
Maison de St Louis
Vieille ville
Achat et vente
Belle entente
Accord
Couvre-chefs royaux
Péninsule disputée
Résidence des étudiants
Noble au nom royal
Regroupement de commerces
Positiviste
Fabrique de lames
Surnommé Notre-Dame des Tuyaux
Dernière demeure du 93
Nommé en souvenir d'une 1ère bataille
Ancienne Bretagne
Mort pour 25 francs
Terrasse élevée
Objet de pacotille
Tibétologue
Surnommée la Cavale brune
Voie d'eau du 19e
Poétesse
Collection d'arbres
Poète déprimé
Jules ?
 
Statistiques - réponses
Réponse % Correct
Bastille Forteresse prise un certain 14 juillet
41%
Blanche Pas noire
32%
Alexandre Dumas Auteur des Trois mousquetaires
30%
Anvers Ville du diamant
28%
Assemblée nationale Ex-Chambre des Députés
17%
Alésia Revanche de Gergovie
17%
Cadet N'est pas l'ainé
16%
Convention Accord
15%
Commerce Achat et vente
14%
Crimée Péninsule disputée
14%
Anatole France 4e Nobel de littérature français
12%
Concorde Belle entente
11%
Abbesses Religieuses de haut rang
11%
Bourse Lieu d'échanges
10%
Cambronne M... alors !
10%
Couronnes Couvre-chefs royaux
9%
Cité Vieille ville
9%
Bolivar El Libertador
8%
Château de Vincennes Maison de St Louis
7%
Barbara Une forme du prénom de la sainte célébrée le 4 décembre
6%
Charles de Gaulle - Étoile Il en portait deux mais n'est associé qu'à une
3%
Aucun quiz correspondant
Distribution des résultats
% des personnes avec chaque résultat
Percentile par nombre de réponses
Votre historique - résultats
Vous n’avez pas pris ce quiz